| 000 | 01415nam a22003737a 4500 | ||
|---|---|---|---|
| 003 | CHAP | ||
| 005 | 20220329140446.0 | ||
| 008 | 971013s1984 r 00010 d | ||
| 010 | _a52265 | ||
| 011 | _a53237 | ||
| 035 | _a57387 | ||
| 040 | _cCHAP | ||
| 090 | _aTesis | ||
| 100 | 0 | 0 |
_aPonce Puente, José de la Luz. _990815 |
| 245 | _aEfecto del nitrógeno y fósforo en el rendimiento del tomate (Lycopersicon esculentum Mill.) variedad flora-dade, en la región del Granjenal, municipio de General Terán, N.L. | ||
| 260 |
_aMarín, N.L. : _bEl autor, _c1984 |
||
| 300 |
_a82 h. _b: gráfs. |
||
| 502 | _aTesis (Ing. Agr. Fitotecnista) -- Universidad Autónoma de Nuevo León. Fac. de Agronomía | ||
| 590 |
_aALEPH _b10 _c20130110 _lUCH01 _h1329 |
||
| 590 |
_aBATCH-UPD _b10 _c20130110 _lUCH01 _h0227 |
||
| 590 |
_aBATCH-UPD _b10 _c20130110 _lUCH01 _h1118 |
||
| 590 |
_aBATCH-UPD _b10 _c20130409 _lUCH01 _h2249 |
||
| 590 |
_aBATCH-UPD _b10 _c20130410 _lUCH01 _h1401 |
||
| 590 |
_aBATCH-UPD _b10 _c20130914 _lUCH01 _h1402 |
||
| 590 |
_aCONVERSION _b10 _c20130109 _lUCH01 _h1328 |
||
| 650 | 1 | 4 |
_aFertilizantes _xEfecto en tomate. _940556 |
| 650 | 1 | 4 |
_aFósforo _xEfecto en tomate. _942257 |
| 650 | 1 | 4 |
_aNitrógeno _xEfecto en tomate. _981465 |
| 650 | 1 | 4 |
_aTomate _xRendimiento. _9113761 |
| 650 | 1 | 4 |
_aTomate _xVariedades. _9113777 |
| 901 | _aBK | ||
| 942 | _cTESIS | ||
| 949 |
_bBC _cTES _d-124883 _eTS1 _h19082 _i57387 _mD _si |
||
| 999 |
_c52265 _d52265 |
||